000 00957nas a2200313 4500
001 BR2012003357
003 BR-BrBNA
005 20231205120535.0
007 ta
008 230509b bl.|||p| |||| 00| 00por d
040 _aBR-BrBNA
_bpor
_cBiblioteca Nacional de Agricultura
041 _a(Pt)
072 _aF03
100 1 _aYamashita, O.M.
100 1 _aGuimarães, S.C.
100 1 _aAlbuquerque, M.C.F. e
100 1 _aCarvalho, M.A.C. de
100 1 _aSilva, J.L. da
245 1 _aEfeitos de fatores ambientais induzidos na germinação de sementes de Chaptalia nutans (L.)Polack
650 _aLÍNGUA-DE-VACA
650 _aPLANTA MEDICINAL
650 _aSEMENTE
650 _aGERMINAÇÃO
650 _aTEMPERATURA
650 _aSALINIDADE
773 0 _tRevista Brasileira de Sementes (Brazil)
_xISSN 0101-3122
_g(Sep 2009), v. 31(3) p. 132-139
_wBR2012003357
909 _a202311
_bLúcia
_c55
_dLúcia Elande
942 _2AGRIS
_n0
_cANA
999 _c219023
_d219023